La Celestina. Tragicomedia de Calistoy Melibea.

Uloženo v:
Podrobná bibliografie
Hlavní autor: Rojas, Fernando de 1470-1541 (autor)
Další autoři: Lobera, Francisco J. (edición, estudio), Serés, Guillermo (edición, estudio), Díaz-Mas, Paloma (edición, estudio), Mota, Carlos (edición, estudio), Ruíz Arzalluz, Iñigo (edición, estudio), Rico, Francisco (edición, estudio)
Médium: Neznámo
Vydáno: Madrid, España: Espasa Calpe, 2016.
Edice:Biblioteca Clásica de la Real Academia Española, 18.
Témata:
Tagy: Přidat tag
Žádné tagy, Buďte první, kdo vytvoří štítek k tomuto záznamu!

MARC

LEADER 00000 a2200000 4500
003 CL-VaPUC
005 20240813115154.0
008 230807t2016 ||||| |||| 00| 0 eng d
999 |c 441516  |d 441514 
020 |a 978-84-670-4855-1 
040 |c Pontificia Universidad Católica de Valparaíso 
082 7 |a 862 ROJ 2016  |2 22 
100 |a Rojas, Fernando de  |9 308965  |d 1470-1541  |e autor 
245 1 3 |a La Celestina.  |b Tragicomedia de Calistoy Melibea.  
260 |a Madrid, España:  |b Espasa Calpe,   |c 2016. 
300 |a xii, 1108 páginas. 
490 |a Biblioteca Clásica de la Real Academia Española,  |v  18. 
583 |k GC  |c 20230807 
650 |a Teatro español   |y Siglo 15   |9 884044 
700 |a Lobera, Francisco J.  |e edición  |e estudio  |9 884045 
700 |a Serés, Guillermo   |e edición  |e estudio  |9 884046 
700 |a Díaz-Mas, Paloma  |e edición  |e estudio  |9 884047 
700 |a Mota, Carlos  |e edición  |e estudio  |9 884048 
700 |a Ruíz Arzalluz, Iñigo  |e edición  |e estudio  |9 884049 
700 |a Rico, Francisco  |e edición  |e estudio  |9 392 
942 |2 ddc  |c BK 
952 |0 0  |1 0  |2 ddc  |4 0  |6 862_000000000000000_ROJ_2016  |7 0  |8 R  |9 591144  |a BIBEDU  |b BIBEDU  |c MCIRC  |d 2023-08-04  |e 3  |g 27959.00  |i 5658326  |l 4  |m 2  |o 862 ROJ 2016  |p 5658326  |r 2024-11-28  |s 2024-11-06  |t 1  |v 27959.00  |w 2023-08-04  |y BK_R  |k LIT